01438nam a22003737a 4500003000500000005001700005008004100022010001000063011001000073035001000083040000900093082001700102100003800119245010500157260006700262300002000329590004100349590004100390590004100431590004100472590004100513590004200554650003200596650006400628700003300692700002700725700003000752700003500782901000700817942001000824949006700834999001700901952014600918CHAP20220329141045.0971013s1994 r 00010 d a61997 a62969 a67145 cCHAP a581.634bA3500aAguilar Contreras, Abigail.92684 aPlantas medicinales del herbario IMSSb: cuadros básicos por aparatos y sistemas del cuerpo humano aMéxico, D. F. :bInstituto Mexicano del Seguro Social,c1994 a218 p.b: ilus. aBATCH-UPDb10c20130110lUCH01h0342 aBATCH-UPDb10c20130110lUCH01h1909 aBATCH-UPDb10c20130410lUCH01h0016 aBATCH-UPDb10c20130410lUCH01h1629 aBATCH-UPDb10c20130914lUCH01h0741 aCONVERSIONb10c20130109lUCH01h133314aBotánica médica.91468014aHerbario del Instituto Méxicano del Seguro Social.9536730 aCamacho, Juan Raúl.9177200 aChino, Soledad.9225900 aJacquez, Patricia.9608800 aLópez, María Edith.968471 aBK cLIBRO a581.634 A35bBCcESPd-152387eESPgI. 184334h91543i67145si c61997d61997 00102ddc4051708ESPaBCbBCcPA_ESPd2019-12-31eI. 184334fLIBROl0o581.634 A35p33724002495074r2019-12-31 00:00:00w2019-12-31yLIBRO